000 00541nam a2200229Ia 4500
003 OSt
005 20221007082326.0
006 a|||||r|||| 00| 0
007 ta
008 221006b |||||||| |||| 00| 0 eng d
024 _a24,528
037 _cTextual
040 _aFLL
_cFLL
_beng
041 _2eng
_aeng
082 _aZ3v, C7
100 _aChand Hukum
_9699018
245 0 _aLaw of consent
260 _c1897
300 _axviii,1-581p
_ccm.
942 _hZ3v, C7
_cTEXL
_2CC
999 _c1166068
_d1166068